000 00310nam a22001457a 4500
008 230926b ||||| |||| 00| 0 eng d
020 _a0813122686
041 _aeng
080 _a159.9
082 _a159.9LEW
100 _a25
101 _aPSI
245 _aMOUNTAIN SISTERS
_cLEWIS .M H
942 _2udc
_cBK
999 _c60406
_d60406